000
00223nam a22000857a 4500
008
161022b xxu||||| |||| 00| 0 eng d
100
_9
941
_a
Khati.R.
245
_a
Fact Finder Science
260
_a
New Delhi
_b
ESP. Publications
_c
2011
999
_c
3595
_d
3595